Physics for scientists and engineers with modern physics. (8th ed.) (Record no. 81906)

MARC details
000 -LEADER
fixed length control field 00888nam a2200193 a 4500
008 - FIXED-LENGTH DATA ELEMENTS--GENERAL INFORMATION
fixed length control field 130326s2010 ||||||||||||||||| || u
020 ## - INTERNATIONAL STANDARD BOOK NUMBER
International Standard Book Number 9781439048757
050 ## - LIBRARY OF CONGRESS CALL NUMBER
Classification number QC 21.2 Jew
100 ## - MAIN ENTRY--PERSONAL NAME
Personal name Serway, Raymond A
245 10 - TITLE STATEMENT
Title Physics for scientists and engineers with modern physics. (8th ed.)
Statement of responsibility, etc. by John W. Jewett; Raymond A. Serway
250 ## - EDITION STATEMENT
Edition statement 8th ed.
260 ## - PUBLICATION, DISTRIBUTION, ETC.
Place of publication, distribution, etc. Australia:
Name of publisher, distributor, etc. Brooks/Cole Cengage Learning
Date of publication, distribution, etc. 2010
300 ## - PHYSICAL DESCRIPTION
Extent xxxii, 1440p. various pagings.: ill.
650 #0 - SUBJECT ADDED ENTRY--TOPICAL TERM
Topical term or geographic name entry element PHYSICS
650 ## - SUBJECT ADDED ENTRY--TOPICAL TERM
Topical term or geographic name entry element PHYSICS--HANDBOOKS, MANUALS, ETC
700 ## - ADDED ENTRY--PERSONAL NAME
Personal name Jewett, John W
995 ## -
-- MAIN LIBRARY OPEN ACCESS
-- 743560
-- CBU-MAIN LIBRARY (Kitwe)
-- QC 21.2 Jew
-- 2
-- AVAILABLE
-- Apr 23, 2013
-- 743560
-- Main Library Open Access Collection
995 ## -
-- MAIN LIBRARY OPEN ACCESS
-- 743559
-- CBU-MAIN LIBRARY (Kitwe)
-- QC 21.2 Jew
-- 1
-- AVAILABLE
-- Apr 23, 2013
-- 743559
-- Main Library Open Access Collection
999 ## -
-- 81906
-- 81906
Holdings
Withdrawn status Lost status Source of classification or shelving scheme Damaged status Not for loan Permanent Location Current Location Shelving location Date acquired Total Checkouts Full call number Barcode Checked out Date last seen Date last checked out Copy number Price effective from Koha item type
          CBU-MAIN LIBRARY, KITWE. CBU-MAIN LIBRARY, KITWE.   09/12/2023 2 QC 21.2 Jew 743560 05/28/2026 05/14/2026 05/14/2026 1 09/12/2023 MONOGRAPH
          CBU-MAIN LIBRARY, KITWE. CBU-MAIN LIBRARY, KITWE.   09/12/2023 2 QC 21.2 Jew 743559   01/19/2026 01/15/2026 2 09/12/2023 MONOGRAPH